| 000 | 00455nam a2200193Ia 4500 | ||
|---|---|---|---|
| 003 | OSt | ||
| 005 | 20250823100411.0 | ||
| 008 | 250729s1900 xx 000 0 und d | ||
| 020 | _a978-8170243403 | ||
| 040 | _cAL | ||
| 041 | _aeng | ||
| 082 | _a372.25 BHAS | ||
| 100 |
_aBhatta H S Ganesh _9221987 |
||
| 245 | _aSecondary education | ||
| 260 |
_aNew Delhi _bA P H Publishing |
||
| 300 | _a339p | ||
| 650 |
_aEducation _9221988 |
||
| 942 |
_2ddc _cBED |
||
| 999 |
_c235254 _d235254 |
||